Statistiques concernant personnages dans 911

Cliquez ici pour prendre le quiz!

Statistiques générales

  • Ce quiz a été pris 167 fois
  • Le résultat moyen est 11 sur 22

Statistiques - réponses

HintRéponse% Correct
... BuckleyEvan
92%
... BuckleyMaddie
89%
...GrantAthena
83%
... DiazChristopher
81%
... WilsonHenrietta
71%
... GrantMay
70%
... GrantHarry
58%
... GrantMichael
52%
... DiazEdmundo
50%
... HanHoward
50%
... WilsonKaren
50%
... NashRobert
48%
... HanAlbert
46%
... WilsonDenny
46%
... KendallDoug
37%
... RussoJosh
31%
... BoskoLena
25%
... ClarkPatricia
25%
... ClarkAbigail
23%
... PriceCarla
22%
... BelvinsSue
20%
... FloresTerry
10%

Distribution des résultats

Percentile par nombre de réponses

% des personnes avec chaque résultat

Votre développement - résultats

Vous n’avez pas pris ce quiz